000 00325 a2200133 4500
001 64094
040 _cAnchieta - Pituba
100 _aMoreira, Rafael
240 1 0 _aDiário de um adolescente apaixonado
_lpor
245 1 0 _aDiário de um adolescente apaixonado
300 _a124
650 4 _aFicção brasileira
942 _cBK
999 _c64094
_d64094